000 00223nam a22000857a 4500
008 131031b xxu||||| |||| 00| 0 eng d
020 _cavailable
082 _22nd Ed
245 _aDiscrete Mathematics with Applications
_cSusanna S Epp
999 _c23461
_d23461